[Event "TCh-ESP Div Honor 2015"]
[Site "Linares ESP"]
[Date "2015.08.15"]
[Round "1.1"]
[Board "1"]
[White "Adhiban, Baskaran"]
[Black "Van Wely, Loek"]
[Result "1-0"]
[WhiteTitle "GM"]
[BlackTitle "GM"]
[WhiteElo "2643"]
[BlackElo "2654"]
[WhiteTeam "Solvay"]
[BlackTeam "Gros Xake Taldea"]
[WhiteFideId "5018471"]
[BlackFideId "1000268"]
[EventDate "2015.08.15"]

1. d4 d5 2. c4 c6 3. Nf3 Nf6 4. Nc3 e6 5. Bg5 h6 6. Bh4 dxc4 7. e4 g5 8. Bg3 b5
9. Be2 Bb7 10. h4 g4 11. Ne5 h5 12. O-O Bg7 13. f3 Nbd7 14. fxg4 hxg4 15. Nxf7
Kxf7 16. e5 Kg8 17. exf6 Nxf6 18. Be5 Rxh4 19. g3 Rh6 20. Bxg4 Qe7 21. Bf3 Rd8
22. Qe2 c5 23. Nxb5 a6 24. Nc7 Bxf3 25. Rxf3 cxd4 26. Qxc4 Ne4 27. Bf4 Rf6 28.
Qc6 Nc5 29. Bg5 d3 30. Rd1 Rd6 31. Qxc5 Rxf3 32. Bxe7 Bd4+ 33. Qxd4 Rxd4 34.
Nxe6 Rc4 35. Bh4 Re3 36. Nf4 Re1+ 37. Rxe1 d2 38. Re8+ Kf7 39. Re7+ Kg8 40. Rd7
Rc1+ 41. Kf2 d1=Q 42. Rxd1 Rxd1 43. Bf6 1-0

[Event "TCh-ESP Div Honor 2015"]
[Site "Linares ESP"]
[Date "2015.08.15"]
[Round "1.1"]
[Board "3"]
[White "Delchev, Aleksander"]
[Black "Franco Alonso, Alejandro"]
[Result "1/2-1/2"]
[WhiteTitle "GM"]
[BlackTitle "IM"]
[WhiteElo "2604"]
[BlackElo "2459"]
[WhiteTeam "Solvay"]
[BlackTeam "Gros Xake Taldea"]
[WhiteFideId "2900394"]
[BlackFideId "2214067"]
[EventDate "2015.08.15"]

1. c4 Nf6 2. Nc3 e5 3. Nf3 Nc6 4. g3 Nd4 5. Bg2 Nxf3+ 6. Bxf3 Bc5 7. Na4 d6 8.
Nxc5 dxc5 9. Qa4+ c6 10. d3 O-O 11. Bg2 Qd6 12. O-O Bg4 13. Re1 Rfe8 14. Be3 Nd7
15. Rad1 Qe7 16. Qa5 f5 17. b4 cxb4 18. Bd2 Nf6 19. Qxb4 Qf7 20. Rb1 Re7 21. h3
Bh5 22. Qa5 e4 23. Bg5 Bg6 24. Qc3 Rd8 25. dxe4 fxe4 26. Rbd1 Red7 27. Rxd7 Rxd7
28. a4 Qe6 29. a5 Bf7 30. Rc1 Bg6 31. Be3 a6 32. Bd4 Qd6 33. Be3 Qe6 34. Qb2 Qd6
35. Qb6 Bh5 36. Bf1 h6 37. Qc5 Qe6 38. Qa7 Kh7 39. Qb8 Bf7 40. Bg2 Bh5 41. g4
Bg6 42. Bf4 Qe7 43. Qe5 Qf7 44. Be3 Re7 45. Qf4 Qe6 46. Bd4 Rd7 47. e3 Re7 48.
Bf1 Nd7 49. Rb1 Ne5 50. Bxe5 Qxe5 51. Qxe5 Rxe5 52. Rxb7 Rxa5 53. Rb6 c5 54. Kh2
Ra1 55. Bg2 Rc1 56. Rxa6 Rxc4 57. Re6 Ra4 58. Rb6 Ra1 59. Kg3 Ra6 60. Bf1 Ra2
61. Kh2 Ra1 62. f3 Ra2+ 63. Kg3 h5 1/2-1/2

[Event "TCh-ESP Div Honor 2015"]
[Site "Linares ESP"]
[Date "2015.08.15"]
[Round "1.1"]
[Board "4"]
[White "Gonzalez De La Torre, Santiago"]
[Black "Cacho Reigadas, Sergio"]
[Result "0-1"]
[WhiteTitle "IM"]
[BlackTitle "IM"]
[WhiteElo "2438"]
[BlackElo "2512"]
[WhiteTeam "Gros Xake Taldea"]
[BlackTeam "Solvay"]
[WhiteFideId "2221667"]
[BlackFideId "2202450"]
[EventDate "2015.08.15"]

1. e4 d6 2. d4 Nf6 3. Nc3 e5 4. Nf3 exd4 5. Nxd4 Be7 6. Bc4 O-O 7. O-O c6 8. Re1
b5 9. Bf1 a6 10. Qf3 Bg4 11. Qg3 c5 12. Nf5 Bxf5 13. exf5 Kh8 14. Bg5 b4 15. Nd5
Nxd5 16. Rxe7 Nxe7 17. f6 Re8 18. fxe7 Qd7 19. Bd3 Qe6 20. f4 f6 21. Re1 Qg8 22.
Bh4 Ra7 23. f5 Qd5 24. b3 Raxe7 0-1

[Event "TCh-ESP Div Honor 2015"]
[Site "Linares ESP"]
[Date "2015.08.15"]
[Round "1.1"]
[Board "5"]
[White "Ubilava, Elizbar"]
[Black "Argandona Riveiro, Inigo"]
[Result "1/2-1/2"]
[WhiteTitle "GM"]
[BlackTitle "IM"]
[WhiteElo "2481"]
[BlackElo "2429"]
[WhiteTeam "Solvay"]
[BlackTeam "Gros Xake Taldea"]
[WhiteFideId "13600052"]
[BlackFideId "2212072"]
[EventDate "2015.08.15"]

1. d4 Nf6 2. c4 e5 3. Nf3 e4 4. Ng1 d5 5. Nc3 dxc4 6. Bg5 c6 7. e3 Be6 8. Bxf6
Qxf6 9. Nxe4 Bb4+ 10. Nc3 O-O 11. a3 Ba5 12. Be2 c5 13. Nf3 Nc6 14. O-O cxd4 15.
Nxd4 Rfd8 16. Qa4 Nxd4 17. exd4 Bb6 18. d5 Bxd5 19. Nxd5 Rxd5 20. Qxc4 Rd2 21.
b4 Re8 22. Bf3 Bxf2+ 23. Kh1 Qe6 24. Qxe6 fxe6 25. Bxb7 Red8 26. Bf3 e5 27. Rad1
g6 28. g3 Kg7 29. a4 Rxd1 30. Rxd1 Rxd1+ 1/2-1/2

[Event "TCh-ESP Div Honor 2015"]
[Site "Linares ESP"]
[Date "2015.08.15"]
[Round "1.1"]
[Board "6"]
[White "Etchegaray, Patrice"]
[Black "De La Villa Garcia, Jesus Maria"]
[Result "1/2-1/2"]
[WhiteTitle "IM"]
[BlackTitle "GM"]
[WhiteElo "2393"]
[BlackElo "2467"]
[WhiteTeam "Gros Xake Taldea"]
[BlackTeam "Solvay"]
[WhiteFideId "601047"]
[BlackFideId "2200040"]
[EventDate "2015.08.15"]

1. e4 e6 2. d4 d5 3. Nd2 Nf6 4. e5 Nfd7 5. Bd3 c5 6. c3 Nc6 7. Ne2 cxd4 8. cxd4
f6 9. exf6 Nxf6 10. Nf3 Bd6 11. O-O O-O 12. Bf4 Bxf4 13. Nxf4 Ne4 14. Qc1 Ng5
15. Nxg5 Qxg5 16. Bxh7+ Kxh7 17. Nxe6 Qf6 18. Nxf8+ Qxf8 19. Qg5 Bf5 20. Rfe1
Rd8 21. Re3 Be4 22. f3 Bg6 23. Rb3 Rd7 24. Rb5 Qf5 25. Qxf5 Bxf5 26. Rd1 b6 27.
Rd2 Ne7 28. b3 Rd6 29. Rb4 Bd7 30. Rc2 Nc6 31. Ra4 a5 32. Kf2 Nb4 33. Rxb4 axb4
34. a3 bxa3 35. Ra2 Rc6 36. g4 Rc3 37. Rxa3 Bb5 38. Ra7 Rxb3 39. h4 Bd3 40. h5
Kh6 41. Rd7 Bc2 42. Rd6+ Kg5 43. Rd7 Kh6 44. Rd6+ Kg5 45. Rd7 Kh6 46. Rd6+ 1/2-1/2

[Event "TCh-ESP Div Honor 2015"]
[Site "Linares ESP"]
[Date "2015.08.15"]
[Round "1.2"]
[Board "1"]
[White "Rakhmanov, Aleksandr"]
[Black "Sargissian, Gabriel"]
[Result "1/2-1/2"]
[WhiteTitle "GM"]
[BlackTitle "GM"]
[WhiteElo "2620"]
[BlackElo "2673"]
[WhiteTeam "Escola d'escacs de Barcelona"]
[BlackTeam "Magic Extremadura"]
[WhiteFideId "4173708"]
[BlackFideId "13300881"]
[EventDate "2015.08.15"]

1. c4 Nf6 2. Nc3 e5 3. e3 Nc6 4. d4 Bb4 5. Ne2 exd4 6. exd4 d5 7. cxd5 Nxd5 8.
a3 Ba5 9. Qd3 O-O 10. Bd2 Nde7 11. Be3 Bf5 12. Qd2 Bb6 13. Rd1 Re8 14. d5 Bxe3
15. fxe3 Ne5 16. Ng3 Bg6 17. Be2 Nf5 18. Nxf5 Bxf5 19. O-O Bg6 20. Rf4 a6 21.
Qd4 Qd6 22. Qb4 Rab8 23. Kf2 Nd7 24. Qxd6 cxd6 25. Rc4 Ne5 26. Rc7 Rec8 27.
Rxc8+ Rxc8 28. Rd4 Kf8 29. Rb4 Rc7 30. Ke1 Ke7 31. Kd2 Bf5 32. Rf4 Bd7 33. Rf1
f5 34. Rc1 Nc4+ 35. Bxc4 Rxc4 36. Rf1 Rh4 37. h3 g5 38. Ne2 Re4 39. Nc3 Re5 40.
h4 h6 41. hxg5 hxg5 42. Rh1 Be8 43. Kd3 Kf6 44. Kd4 Kg7 45. g3 Bg6 46. Re1 Re8
47. e4 fxe4 1/2-1/2

[Event "TCh-ESP Div Honor 2015"]
[Site "Linares ESP"]
[Date "2015.08.15"]
[Round "1.2"]
[Board "2"]
[White "Oparin, Grigoriy"]
[Black "Spraggett, Kevin"]
[Result "1/2-1/2"]
[WhiteTitle "GM"]
[BlackTitle "GM"]
[WhiteElo "2564"]
[BlackElo "2545"]
[WhiteTeam "Magic Extremadura"]
[BlackTeam "Escola d'escacs de Barcelona"]
[WhiteFideId "24125890"]
[BlackFideId "2600013"]
[EventDate "2015.08.15"]

1. e4 Nf6 2. e5 Nd5 3. d4 d6 4. Nf3 Nc6 5. Be2 dxe5 6. c4 Nb6 7. d5 Nb8 8. Nxe5
e6 9. O-O Be7 10. Nc3 exd5 11. cxd5 O-O 12. Bd3 N8d7 13. Nxd7 Bxd7 14. Qh5 g6
15. Qf3 Nc8 16. Ne4 Bf5 17. Re1 Bxe4 18. Qxe4 Bf6 19. Bh6 Nd6 20. Qb4 Re8 21.
Rxe8+ Qxe8 22. Re1 Qd7 23. b3 b6 24. Qf4 Bg7 25. Bxg7 Kxg7 26. Qd4+ Kg8 27. h4
Re8 28. Rc1 h5 29. g3 a5 30. Qf6 Re7 31. Qd4 Qe8 32. Kg2 Qd7 33. Kg1 Qe8 34. Kg2
Qd7 1/2-1/2

[Event "TCh-ESP Div Honor 2015"]
[Site "Linares ESP"]
[Date "2015.08.15"]
[Round "1.2"]
[Board "3"]
[White "Narciso Dublan, Marc"]
[Black "Svetushkin, Dmitry"]
[Result "0-1"]
[WhiteTitle "GM"]
[BlackTitle "GM"]
[WhiteElo "2532"]
[BlackElo "2580"]
[WhiteTeam "Escola d'escacs de Barcelona"]
[BlackTeam "Magic Extremadura"]
[WhiteFideId "2201500"]
[BlackFideId "13900463"]
[EventDate "2015.08.15"]

1. d4 d5 2. c4 c6 3. Nf3 Nf6 4. Nc3 a6 5. c5 Bf5 6. Bf4 Nbd7 7. e3 g6 8. Ne5 Bg7
9. Be2 Ne4 10. Nxd7 Nxc3 11. bxc3 Qxd7 12. g4 Be6 13. Rb1 O-O 14. h3 f5 15. g5
Bf7 16. Qb3 e5 17. dxe5 Qe6 18. Qa4 Bxe5 19. Rxb7 Bxc3+ 20. Kf1 d4 21. Rxf7 Rxf7
22. Bc4 Qe8 23. exd4 Qe1+ 24. Kg2 Qe4+ 25. Kg3 Rf8 26. Rd1 Be1 27. Bd6 f4+ 28.
Kh2 Qf3 29. Qb3 Qxf2+ 30. Kh1 h5 31. Qd3 Kg7 32. Bxf8+ Rxf8 33. Qe2 Qxe2 34.
Bxe2 Bh4 35. Bxa6 f3 36. Bb7 Bxg5 37. Bxc6 Be3 38. Bb5 g5 39. Bf1 g4 40. Rd3 Bf4
41. d5 Re8 42. Rd4 Be3 43. Rd1 Rb8 44. Rd3 Bxc5 45. d6 Rb1 46. d7 Rxf1+ 47. Kh2
Rf2+ 48. Kg3 Rg2+ 49. Kf4 Bb6 50. d8=Q Bxd8 51. Rxd8 f2 0-1

[Event "TCh-ESP Div Honor 2015"]
[Site "Linares ESP"]
[Date "2015.08.15"]
[Round "1.2"]
[Board "4"]
[White "Perez Candelario, Manuel"]
[Black "Romero Holmes, Alfonso"]
[Result "1/2-1/2"]
[WhiteTitle "GM"]
[BlackTitle "GM"]
[WhiteElo "2569"]
[BlackElo "2451"]
[WhiteTeam "Magic Extremadura"]
[BlackTeam "Escola d'escacs de Barcelona"]
[WhiteFideId "2210622"]
[BlackFideId "2200066"]
[EventDate "2015.08.15"]

1. e4 c6 2. Nc3 d5 3. Nf3 dxe4 4. Nxe4 Nf6 5. Nxf6+ exf6 6. d4 Bd6 7. Bd3 O-O 8.
O-O Bg4 9. c3 Re8 10. h3 Bh5 11. Bf5 Nd7 12. Qd3 Bg6 13. Nh4 Bc7 14. Qf3 Nb6 15.
g3 Bxf5 16. Nxf5 Qd5 17. Kg2 g6 18. Ne3 Qxf3+ 19. Kxf3 Rad8 20. Re1 f5 21. g4
fxg4+ 22. hxg4 f6 23. b3 Bd6 24. Bb2 c5 25. dxc5 Bxc5 26. c4 Bd4 27. Bxd4 Rxd4
28. Rad1 Red8 29. Nd5 Rxd1 30. Rxd1 Kg7 31. Re1 Nxd5 32. Rd1 Kf7 33. cxd5 h5 34.
gxh5 gxh5 35. Rc1 1/2-1/2

[Event "TCh-ESP Div Honor 2015"]
[Site "Linares ESP"]
[Date "2015.08.15"]
[Round "1.2"]
[Board "5"]
[White "Gual Pascual, Antonio"]
[Black "Antipov, Mikhail Al."]
[Result "0-1"]
[WhiteTitle "IM"]
[BlackTitle "GM"]
[WhiteElo "2439"]
[BlackElo "2515"]
[WhiteTeam "Escola d'escacs de Barcelona"]
[BlackTeam "Magic Extremadura"]
[WhiteFideId "2200589"]
[BlackFideId "4107012"]
[EventDate "2015.08.15"]

1. Nf3 Nf6 2. c4 e6 3. g3 a6 4. Nc3 Nc6 5. Bg2 Rb8 6. O-O b5 7. cxb5 axb5 8. d4
b4 9. Nb1 d5 10. Bg5 h6 11. Bxf6 Qxf6 12. Qc2 Bd7 13. e4 dxe4 14. Qxe4 Bd6 15.
Nbd2 O-O 16. Rfc1 Ne7 17. Ne5 Bb5 18. Nb3 Nf5 19. Ng4 Qd8 20. Ne3 Qg5 21. Nc5
Qf6 22. Nxf5 exf5 23. Qh4 g5 24. Qh5 Rfe8 25. Qd1 Re7 26. a4 bxa3 27. bxa3 Rbe8
28. a4 Be2 29. Qd2 f4 30. Bc6 Qf5 31. Bxe8 Rxe8 32. Re1 f3 33. Kh1 Bxg3 0-1

[Event "TCh-ESP Div Honor 2015"]
[Site "Linares ESP"]
[Date "2015.08.15"]
[Round "1.2"]
[Board "6"]
[White "Santos Latasa, Jaime"]
[Black "Aranaz Murillo, Amalia"]
[Result "1-0"]
[WhiteTitle "IM"]
[BlackTitle "WIM"]
[WhiteElo "2521"]
[BlackElo "2287"]
[WhiteTeam "Magic Extremadura"]
[BlackTeam "Escola d'escacs de Barcelona"]
[WhiteFideId "2293307"]
[BlackFideId "22200371"]
[EventDate "2015.08.15"]

1. Nf3 Nf6 2. c4 b6 3. Nc3 Bb7 4. d4 e6 5. a3 d5 6. cxd5 Nxd5 7. Qc2 Be7 8. e4
Nxc3 9. bxc3 c5 10. Bb5+ Bc6 11. a4 O-O 12. O-O Qc8 13. Bd3 cxd4 14. cxd4 Bb7
15. Qe2 Nc6 16. Bb2 Nb4 17. Rac1 Qb8 18. Bc4 Re8 19. Ne5 Bd6 20. Qg4 Ba6 21.
Bxa6 Nxa6 22. Nc6 Qb7 23. d5 Bf8 24. Rc3 exd5 25. exd5 Nc5 26. Rg3 Qd7 27. Qd4
f6 28. Qc4 Kh8 29. Rg4 a6 30. Rd4 Qb7 31. Qc2 b5 32. Ba3 Nxa4 33. Bxf8 Rxf8 34.
d6 Qd7 35. Ne7 f5 36. Qb3 Rf6 37. Rc1 Rd8 38. h3 h6 39. Rc7 Qe8 40. Qg3 Rf7 41.
Nxf5 Rdd7 42. Rxd7 Qxd7 43. Ne7 Rf6 44. Qb3 Qd8 45. Nc6 Qd7 46. Ne5 Qf5 47. Qg3
Nb6 48. d7 Nxd7 49. Rxd7 g5 50. Rd8+ Kg7 51. Ng4 Rf7 52. Qc3+ 1-0

[Event "TCh-ESP Div Honor 2015"]
[Site "Linares ESP"]
[Date "2015.08.15"]
[Round "1.3"]
[Board "1"]
[White "Dominguez Perez, Leinier"]
[Black "Kryvoruchko, Yuriy"]
[Result "1/2-1/2"]
[WhiteTitle "GM"]
[BlackTitle "GM"]
[WhiteElo "2736"]
[BlackElo "2697"]
[WhiteTeam "Sestao Fundacion EDP"]
[BlackTeam "Merida Patrimonio Humanidad"]
[WhiteFideId "3503240"]
[BlackFideId "14109182"]
[EventDate "2015.08.15"]

1. d4 Nf6 2. c4 e6 3. g3 d5 4. Nf3 Bb4+ 5. Bd2 Bd6 6. Bg2 O-O 7. O-O c6 8. Qc2
Nbd7 9. Rd1 Qe7 10. Nc3 dxc4 11. Bg5 h6 12. Bxf6 Nxf6 13. Nd2 e5 14. d5 Bc5 15.
Nde4 cxd5 16. Rxd5 Bd4 17. Nxf6+ Qxf6 18. e3 Bxc3 19. Qxc3 Re8 20. Rb5 a6 21.
Rb4 Qd6 22. Rxc4 Be6 23. Rc5 Rac8 24. b4 Rxc5 25. bxc5 Qc7 26. Rb1 Rc8 27. Bxb7
Qxc5 28. Qxc5 Rxc5 29. Bxa6 Bxa2 30. Ra1 Be6 31. Bf1 1/2-1/2

[Event "TCh-ESP Div Honor 2015"]
[Site "Linares ESP"]
[Date "2015.08.15"]
[Round "1.3"]
[Board "2"]
[White "Nisipeanu, Liviu-Dieter"]
[Black "Ponomariov, Ruslan"]
[Result "1/2-1/2"]
[WhiteTitle "GM"]
[BlackTitle "GM"]
[WhiteElo "2667"]
[BlackElo "2711"]
[WhiteTeam "Merida Patrimonio Humanidad"]
[BlackTeam "Sestao Fundacion EDP"]
[WhiteFideId "1202758"]
[BlackFideId "14103320"]
[EventDate "2015.08.15"]

1. e4 e5 2. Nf3 Nc6 3. Bb5 Nf6 4. O-O Nxe4 5. d4 Nd6 6. Bxc6 dxc6 7. dxe5 Nf5 8.
Qxd8+ Kxd8 9. Rd1+ Ke8 10. h3 Ne7 11. c4 Ng6 12. Nc3 Be7 13. b3 h5 14. Ne4 h4
15. Re1 Kf8 16. Bg5 a5 17. Rad1 a4 18. Nf6 b6 19. Nd7+ Ke8 20. Nf6+ Kf8 21. Nd7+
Ke8 22. Bxe7 Kxe7 23. e6 fxe6 24. Nde5 Nxe5 25. Nxe5 Kf6 26. Ng4+ Ke7 27. Ne5
Kf6 28. Ng4+ Ke7 29. Ne5 Kf6 30. Ng4+ Ke7 1/2-1/2

[Event "TCh-ESP Div Honor 2015"]
[Site "Linares ESP"]
[Date "2015.08.15"]
[Round "1.3"]
[Board "3"]
[White "Fressinet, Laurent"]
[Black "Saric, Ivan"]
[Result "1/2-1/2"]
[WhiteTitle "GM"]
[BlackTitle "GM"]
[WhiteElo "2710"]
[BlackElo "2661"]
[WhiteTeam "Sestao Fundacion EDP"]
[BlackTeam "Merida Patrimonio Humanidad"]
[WhiteFideId "608742"]
[BlackFideId "14508150"]
[EventDate "2015.08.15"]

1. Nf3 d5 2. d4 Nf6 3. c4 e6 4. Nc3 c6 5. e3 Nbd7 6. Qc2 Bd6 7. b3 O-O 8. Be2 a6
9. O-O e5 10. cxd5 cxd5 11. dxe5 Nxe5 12. Bb2 Be6 13. Rad1 Rc8 14. Qb1 Qc7 15.
h3 Rfd8 16. Nd4 Nc6 17. Na4 Ne4 18. Bd3 Nxd4 19. Bxd4 Re8 20. Qb2 f6 21. Rc1 Qf7
22. Rxc8 Bxc8 23. Rd1 Qg6 24. Kf1 Bf5 25. Qb1 Qh5 26. Nc3 Qh4 27. Nxe4 dxe4 28.
Bc4+ Kh8 29. Qb2 Bb4 30. Bc3 Be7 31. a4 Qh5 32. Qe2 Qg6 33. a5 h6 34. Qd2 Kh7
35. Qe2 Bf8 1/2-1/2

[Event "TCh-ESP Div Honor 2015"]
[Site "Linares ESP"]
[Date "2015.08.15"]
[Round "1.3"]
[Board "4"]
[White "Landa, Konstantin"]
[Black "Vallejo Pons, Francisco"]
[Result "0-1"]
[WhiteTitle "GM"]
[BlackTitle "GM"]
[WhiteElo "2624"]
[BlackElo "2686"]
[WhiteTeam "Merida Patrimonio Humanidad"]
[BlackTeam "Sestao Fundacion EDP"]
[WhiteFideId "4101685"]
[BlackFideId "2205530"]
[EventDate "2015.08.15"]

1. e4 c5 2. Nf3 e6 3. b3 d6 4. Bb2 Nf6 5. e5 dxe5 6. Nxe5 Nbd7 7. f4 Nd5 8. Qf3
Be7 9. Bd3 Nb4 10. Be4 Nf6 11. a3 Nxe4 12. axb4 Nf6 13. b5 O-O 14. O-O Nd5 15.
Na3 f6 16. Nd3 b6 17. c4 Nc7 18. Nc2 a6 19. bxa6 Bxa6 20. Qe2 Bb7 21. Rxa8 Qxa8
22. Ra1 Qe8 23. Nde1 Bd6 24. Qf2 Na6 25. d3 Qb8 26. Bc1 e5 27. f5 e4 28. g3 exd3
29. Nxd3 Qe8 30. Nde1 Qe4 31. Qg2 Qe7 32. Qf2 Qe4 33. Qg2 Qe7 34. Qf2 Be5 35.
Rb1 Nb4 36. Be3 Nxc2 37. Nxc2 Qd7 38. Ne1 Be4 39. Rc1 Qxf5 40. Qxf5 Bxf5 41. Nf3
Bb2 42. Rd1 Re8 43. Kf2 g5 44. Rd6 Re6 45. Rd7 h6 46. h4 Ba3 47. Rd5 Bc2 48. Rd2
Bb1 49. Rd1 Bf5 50. Rd5 Be4 51. Rd7 Kf8 52. Ra7 Bb4 53. Ra2 Rd6 54. Ke2 Bd3+ 55.
Kf2 Be4 56. Ke2 Rd3 57. Ra6 Rxb3 58. Rxb6 Kf7 59. Nd2 Bd3+ 60. Kf3 Rc3 61. hxg5
hxg5 62. g4 Rc2 63. Ne4 Be2+ 64. Kg3 Be1+ 65. Bf2 Bxf2+ 66. Nxf2 Rc3+ 67. Kg2
Rxc4 68. Kg3 Rc3+ 69. Kh2 Bf3 70. Rd6 Ke7 71. Rb6 Bd5 72. Rb2 Ra3 73. Rb6 c4 74.
Nd1 Rd3 75. Rb1 Kd6 76. Nf2 Rf3 77. Rb2 c3 78. Rc2 Kc5 79. Nd1 Kd4 80. Rc1 Bb3
81. Kg2 Bxd1 82. Rxd1+ Rd3 0-1

[Event "TCh-ESP Div Honor 2015"]
[Site "Linares ESP"]
[Date "2015.08.15"]
[Round "1.3"]
[Board "5"]
[White "Rodshtein, Maxim"]
[Black "Korneev, Oleg"]
[Result "1/2-1/2"]
[WhiteTitle "GM"]
[BlackTitle "GM"]
[WhiteElo "2678"]
[BlackElo "2569"]
[WhiteTeam "Sestao Fundacion EDP"]
[BlackTeam "Merida Patrimonio Humanidad"]
[WhiteFideId "2806851"]
[BlackFideId "4156803"]
[EventDate "2015.08.15"]

1. e4 e5 2. Nf3 Nc6 3. Bb5 Nf6 4. d3 Bc5 5. O-O d6 6. Bxc6+ bxc6 7. Nbd2 O-O 8.
h3 Re8 9. Re1 d5 10. exd5 Qxd5 11. Nb3 Bf8 12. c4 Qd6 13. Be3 Nd7 14. d4 e4 15.
Nh2 Qg6 16. Kh1 a5 17. Nc1 c5 18. Ne2 cxd4 19. Qxd4 Bc5 20. Qd5 c6 21. Qd1 Bb4
22. Nf4 Qf5 23. Re2 Ne5 24. a3 Bf8 25. Rc1 Ba6 26. Qa4 Nd3 27. Nxd3 exd3 28. Rd2
c5 29. Rc3 Bb7 30. Rcxd3 Qxh3 31. f3 Qh4 32. Kg1 h5 33. Nf1 1/2-1/2

[Event "TCh-ESP Div Honor 2015"]
[Site "Linares ESP"]
[Date "2015.08.15"]
[Round "1.3"]
[Board "6"]
[White "Larino Nieto, David"]
[Black "Del Rio De Angelis, Salvador G."]
[Result "1/2-1/2"]
[WhiteTitle "GM"]
[BlackTitle "GM"]
[WhiteElo "2463"]
[BlackElo "2511"]
[WhiteTeam "Merida Patrimonio Humanidad"]
[BlackTeam "Sestao Fundacion EDP"]
[WhiteFideId "2256444"]
[BlackFideId "2203138"]
[EventDate "2015.08.15"]

1. e4 c5 2. Nc3 e6 3. g3 d5 4. exd5 exd5 5. d3 Nf6 6. Bg5 Be7 7. Bg2 O-O 8. Nge2
d4 9. Bxf6 Bxf6 10. Ne4 Be7 11. O-O Nc6 12. Nf4 Re8 13. Re1 Bf8 14. h3 Bd7 15.
Qh5 Re5 16. Qf3 Qa5 17. Red1 Qd8 18. h4 Qc8 19. Rd2 Bg4 20. Qxg4 Qxg4 21. Bh3
Qxf4 22. gxf4 Rh5 23. Kg2 Rxh4 24. Kg3 Rh6 25. c4 Bd6 26. Nxd6 Rxd6 27. Re1 Kf8
28. Rde2 Rdd8 29. Bg2 Re8 30. Bxc6 bxc6 31. Rxe8+ Rxe8 32. Rh1 g6 33. Rxh7 Kg8
34. Rh2 Re2 35. f3 Re3 36. Rd2 Kg7 37. f5 Kf6 38. fxg6 fxg6 39. b3 a5 40. Kf4
Re1 41. Rg2 Re3 42. Rd2 Re1 43. Rg2 Re3 44. Rd2 1/2-1/2

[Event "TCh-ESP Div Honor 2015"]
[Site "Linares ESP"]
[Date "2015.08.15"]
[Round "1.4"]
[Board "1"]
[White "Granda Zuniga, Julio E"]
[Black "Anton Guijarro, David"]
[Result "1/2-1/2"]
[WhiteTitle "GM"]
[BlackTitle "GM"]
[WhiteElo "2663"]
[BlackElo "2635"]
[WhiteTeam "Ajedrez Collado Villalba"]
[BlackTeam "Chess24-VTI-Atocha"]
[WhiteFideId "3800024"]
[BlackFideId "2285525"]
[EventDate "2015.08.15"]

1. d4 f5 2. Nc3 Nf6 3. Bg5 d5 4. e3 e6 5. Nf3 Be7 6. Bd3 O-O 7. Ne2 Ne4 8. Bxe7
Qxe7 9. O-O c5 10. c4 dxc4 11. Bxc4 Nd6 12. b3 Nc6 13. Rc1 Nxc4 14. bxc4 b6 15.
Qa4 Bd7 16. Qa3 e5 17. dxc5 bxc5 18. Rfd1 e4 19. Nd2 Nb4 20. Nf4 Bc6 21. Nb3
Rac8 22. Nd5 Bxd5 23. cxd5 Nd3 24. d6 Qxd6 25. Nxc5 Rf7 26. Rc3 Rxc5 27. Rxc5
Qxc5 28. Rxd3 Qxa3 29. Rxa3 g6 30. h3 Kg7 31. g4 Kf6 32. Ra5 Kg5 33. Kg2 h5 1/2-1/2

[Event "TCh-ESP Div Honor 2015"]
[Site "Linares ESP"]
[Date "2015.08.15"]
[Round "1.4"]
[Board "2"]
[White "Gustafsson, Jan"]
[Black "Fier, Alexandr"]
[Result "1-0"]
[WhiteTitle "GM"]
[BlackTitle "GM"]
[WhiteElo "2630"]
[BlackElo "2636"]
[WhiteTeam "Chess24-VTI-Atocha"]
[BlackTeam "Ajedrez Collado Villalba"]
[WhiteFideId "4625498"]
[BlackFideId "2107139"]
[EventDate "2015.08.15"]

1. Nf3 g6 2. e4 Bg7 3. d4 d6 4. Nc3 a6 5. a4 b6 6. Bc4 e6 7. O-O Ne7 8. Bf4 Nd7
9. Qd2 h6 10. Rfe1 g5 11. Bg3 Ng6 12. h3 Nf6 13. e5 Nh5 14. Bh2 Nhf4 15. exd6
cxd6 16. Nd5 Nxd5 17. Bxd5 Ra7 18. Bc6+ Bd7 19. Be4 Qc7 20. Bxg6 fxg6 21. Qb4
Bf8 22. Qb3 Be7 23. Ne5 Bc8 24. Nxg6 Rg8 25. Nxe7 Kxe7 26. d5 g4 27. dxe6 Bb7
28. Rad1 g3 29. Bxg3 Qc6 30. Bh4+ Ke8 31. f3 Qc5+ 32. Kh1 Qh5 33. e7 Qg6 34. Re2
d5 35. Rxd5 Bxd5 36. Qxd5 1-0

[Event "TCh-ESP Div Honor 2015"]
[Site "Linares ESP"]
[Date "2015.08.15"]
[Round "1.4"]
[Board "4"]
[White "Rubio Mejia, Luis Ignacio"]
[Black "Arribas Lopez, Angel"]
[Result "0-1"]
[WhiteTitle "IM"]
[BlackTitle "GM"]
[WhiteElo "2458"]
[BlackElo "2559"]
[WhiteTeam "Chess24-VTI-Atocha"]
[BlackTeam "Ajedrez Collado Villalba"]
[WhiteFideId "2281228"]
[BlackFideId "2283352"]
[EventDate "2015.08.15"]

1. d4 d6 2. Nf3 f5 3. g3 Nf6 4. Bg2 g6 5. O-O Bg7 6. c4 O-O 7. Nc3 c6 8. Rb1 Na6
9. b4 Nc7 10. Qb3 Kh8 11. Rd1 Be6 12. d5 cxd5 13. cxd5 Bg8 14. Bb2 Qd7 15. e3
Rac8 16. a4 a5 17. bxa5 Na6 18. Nd4 Nc5 19. Qb5 Qd8 20. Ne6 Bxe6 21. dxe6 Ra8
22. Ba3 Rxa5 23. Qc4 b6 24. Bb4 Ra7 25. Bxc5 bxc5 26. Bc6 Ng4 27. Bb5 Bxc3 28.
Qxc3+ Kg8 29. Ra1 Ne5 30. h3 Nf3+ 31. Kh1 Ng5 32. Bf1 Qa5 33. Qc2 Kg7 34. Bc4
Rb8 35. Bd5 Rb4 36. Qc3+ Kg8 37. Qf6 exf6 38. e7+ Kg7 39. e8=Q Rxa4 40. Qg8+ Kh6
41. Qf8+ Kh5 42. Bc4 Rxc4 43. Rxa5 Rxa5 44. h4 Ne4 45. Qf7 Nxf2+ 46. Kg2 Ng4 47.
Qxh7+ Nh6 48. Rd2 Ra3 49. Qe7 Ng4 50. Qh7+ Nh6 51. Qe7 Rg4 52. Rxd6 f4 53. Rxf6
Rxg3+ 54. Kf1 Ra1+ 0-1